Encyclopedia Dictionary of Corporate Strategy (Record no. 4861)

MARC details
000 -LEADER
fixed length control field 00351nam a2200145Ia 4500
008 - FIXED-LENGTH DATA ELEMENTS--GENERAL INFORMATION
fixed length control field 191201s2009 xx 000 0 und d
082 ## - DEWEY DECIMAL CLASSIFICATION NUMBER
Classification number 658.4012
Item number SIE
100 ## - MAIN ENTRY--PERSONAL NAME
Personal name SINGH ,S.P
245 #0 - TITLE STATEMENT
Title Encyclopedia Dictionary of Corporate Strategy
250 ## - EDITION STATEMENT
Edition statement 1st
260 ## - PUBLICATION, DISTRIBUTION, ETC. (IMPRINT)
Place of publication, distribution, etc N.Delhi
Name of publisher, distributor, etc AITBS Pub.
Date of publication, distribution, etc 2009
300 ## - PHYSICAL DESCRIPTION
Extent 255
650 ## - SUBJECT ADDED ENTRY--TOPICAL TERM
Topical term or geographic name as entry element BBA
942 ## - ADDED ENTRY ELEMENTS (KOHA)
Source of classification or shelving scheme Dewey Decimal Classification
Koha item type Text Books
Holdings
Withdrawn status Lost status Source of classification or shelving scheme Damaged status Not for loan Collection code Home library Current library Date acquired Source of acquisition Cost, normal purchase price Bill Number Total Checkouts Full call number Acc. no. / Barcode Date last seen Bill Date Koha item type Date last borrowed Public note
    Dewey Decimal Classification     BBA PIET C-LIBRARY PIET C-LIBRARY 29/07/2011 The book company 150.00 IN-858   658.4012 SIE 17565 04/12/2019 27/07/2011 Text Books    
    Dewey Decimal Classification     BBA PIET C-LIBRARY PIET C-LIBRARY 29/07/2011 The book company 150.00 IN-858   658.4012 SIE 17566 04/12/2019 27/07/2011 Text Books    
    Dewey Decimal Classification     BBA PIET C-LIBRARY PIET C-LIBRARY 29/07/2011 The book company 150.00 IN-858   658.4012 SIE 17567 04/12/2019 27/07/2011 Text Books    
    Dewey Decimal Classification     BBA PIET C-LIBRARY PIET C-LIBRARY 29/07/2011 The book company 150.00 IN-858   658.4012 SIE 17568 04/12/2019 27/07/2011 Text Books    
    Dewey Decimal Classification     GENERAL PIET C-LIBRARY PIET C-LIBRARY 29/07/2011 The book company 150.00 IN-858 1 658.4012 SIE 17569 02/03/2022 27/07/2011 Text Books 07/01/2022 Encyclopedia

Design & Developed by: PIET Central Library
R70 Miles Stone Pattikalyana Samalkha Panipat 132102
mail ID :- [email protected], Phone No:- 0180-2569700 Ex.216